| 000 | 01953nam a22001577a 4500 | ||
|---|---|---|---|
| 999 |
_c522188 _d522188 |
||
| 008 | 230314b ||||| |||| 00| 0 eng d | ||
| 100 |
_aWani, Kena _938989 |
||
| 245 | _aTrustees of the nation: Business, philanthropy and changing modes of legitimacy in colonial and postcolonial western India | ||
| 260 | _aThe Indian Economic and Social History Review | ||
| 300 | _a 69(1), Jan-Mar, 2022: p.5-36 | ||
| 520 | _aThis article presents a historical account of the public lives of philanthropic endeavours that involved business actors in western India, from the late nineteenth century till early decades of the post-independence period. Two cases—that of the traditionally maintained animal shelter-homes called ‘pinjrapoles’ and that of the Tilak Swaraj Fund Trust, founded to aid the nationalist movement in early twentieth century India—are analysed. The article scrutinises through the case of the pinjrapoles how traditionally practiced religious forms of charity came to obtain a wider purchase within the colonial order since the late nineteenth century as public-oriented philanthropic actions and institutions. In considering the history of the Swaraj Fund, the article traces how the politics of accountability interrupted philanthropic institutions and in turn the social standing of business patrons within the fold of Gandhian nationalism and its accompanying models of ‘trusteeship’. In studying these two cases, the article tries to understand how the relationship of western Indian business actors with colonial rule as well as the nationalist movement remained mediated by changing forms of philanthropic endeavours serving emerging modes of legitimacy and their accompanying mandates of publicity.- Reproduced | ||
| 650 |
_aPhilanthropy, Business, Charity, Trusts, Trusteeship, Western India, Pinijraple. _936895 |
||
| 773 | _aThe Indian Economic and Social History Review | ||
| 906 | _aPHILANTHROPY | ||
| 942 | _cAR | ||